Brände

Správa o požiaru v Oboríne v máji roku 1908. Škody vyčíslené na 200 tisíc korún.

Podrobná bibliografia
Médium: Článok
Jazyk:Hungarian
Témy:
Zdroj: 1. Kaschauer Zeitung 1. Roč. 70, č. 58 (26.05.1908) s. 3
LEADER 00720nab#a2200289#ar4500
001 000076963
003 SVKKK
005 20060717xxxxxxx.
008 06 c xo huno
FMT
038 |a SVKKK 
040 |a SVKKK  |b slo  |e AACR2 
041 0 |a hun 
044 |a xo  |c SK 
080 |a 614.84 
242 1 0 |a Požiar 
245 0 0 |a Brände 
520 2 |a Správa o požiaru v Oboríne v máji roku 1908. Škody vyčíslené na 200 tisíc korún. 
650 0 4 |a požiare - Oborín (Tv) - máj 1908 - správy 
773 0 |t Kaschauer Zeitung  |g Roč. 70, č. 58 (26.05.1908) s. 3 
957 |a Oborín 
958 |a DG 
958 |a SK 
974 |a Ba  |d 20060717 
992 |a RBX 
BAS
998 |a RETRO